| 000 | 01455nam a2200289 a 4500 | ||
|---|---|---|---|
| 001 | |||
| 003 | AM-YEHGA | ||
| 005 | 20250618072212.0 | ||
| 008 | 040720s2000 ai 000 | arm d | ||
| 020 | _a5808004314 | ||
| 040 | _aAM-YeHGA | ||
| 041 | 0 | _aarm | |
| 100 | 1 |
_aՄովսիսյան, Արտակ Երջանիկի, _d1970-2020 _91341 |
|
| 245 | 1 | 0 |
_aՍրբազան լեռնաշխարհը : _bՀայաստանը Առաջավոր Ասիայի հնագույն հոգևոր ընկալումներում / _cԱ.Ե. Մովսիսյան; ՀՀ ԳԱԱ Արևելագիտ. ինստ. |
| 260 |
_aԵրևան : _bՀՀ ԳԱԱ «Գիտություն» հրատ, _c2000. |
||
| 300 |
_a55 էջ : _bնկ., քարտեզն. ; _c20 սմ. |
||
| 504 | _aՄատենագիտ. տողատ. ծանոթ. և էջ` 53-55 հայ., ռուս. և օտար լեզ. | ||
| 650 | 1 | 4 |
_aՀայեր _xԾագումնաբանություն |
| 650 | 1 | 4 |
_aՀայեր _xԱզգային ինքնությունը |
| 651 | 4 |
_aՀայաստան _xՊատմություն _yՄինչ 428 թ. |
|
| 651 | 4 |
_aՀայաստան _xՊատմական աշխարհագրություն |
|
| 651 | 4 |
_aՄերձավոր Արեւելք _xՔաղաքակրթություն _yՄինչ 622 թ. |
|
| 710 | 2 |
_aՀՀ ԳԱԱ _bԱրևելագիտության ինստիտուտ |
|
| 856 | 4 |
_uhttps://arar.sci.am/dlibra/publication/349205/edition/321655/content _yԿարդալ առցանց |
|
| 942 |
_2udc _cBK |
||
| 090 | _c136429 | ||
| 999 |
_c135061 _d135061 |
||